University Home | Library Home | Institutional Repository

Explanation of the alphabetic-order marks (three-figure tables). (Record no. 188654)

MARC details
000 -LEADER
fixed length control field 00710cam4a220020500 4500
001 - CONTROL NUMBER
control field tmp15963776
003 - CONTROL NUMBER IDENTIFIER
control field UPRA
005 - DATE AND TIME OF LATEST TRANSACTION
control field 20190830110850.0
008 - FIXED-LENGTH DATA ELEMENTS--GENERAL INFORMATION
fixed length control field 951116n mau eng u
035 ## - SYSTEM CONTROL NUMBER
System control number (Sirsi) r27365
035 ## - SYSTEM CONTROL NUMBER
System control number (UPRA)tmp15963776
040 ## - CATALOGING SOURCE
Transcribing agency UPRA
100 1# - MAIN ENTRY--PERSONAL NAME
Personal name Cutter, Charles A. (Charles Ammi), 1837-1903.
Fuller form of name Cutter, Charles A. (Charles Ammi), 1837-1903.
Dates associated with a name Cutter, Charles A. (Charles Ammi), 1837-1903.
Linkage A22095.1
245 10 - TITLE STATEMENT
Title Explanation of the alphabetic-order marks (three-figure tables).
260 ## - PUBLICATION, DISTRIBUTION, ETC.
Place of publication, distribution, etc. Chicopee Falls, MA :
Name of publisher, distributor, etc. H.R. Huntting.
500 ## - GENERAL NOTE
General note Cover title.
650 #0 - SUBJECT ADDED ENTRY--TOPICAL TERM
Topical term or geographic name entry element Alphabetizing.
Linkage S15825.1
949 ## - LOCAL PROCESSING INFORMATION (OCLC)
a Z696
w lcc
i -28649
m MAIN
t BOOK
l ON-SHELF

No items available.

© 2026 - The University of Zambia Library - Koha v25.11